<?xml version="1.0" encoding="UTF-8"?>
<record
    xmlns:xsi="http://www.w3.org/2001/XMLSchema-instance"
    xsi:schemaLocation="http://www.loc.gov/MARC21/slim http://www.loc.gov/standards/marcxml/schema/MARC21slim.xsd"
    xmlns="http://www.loc.gov/MARC21/slim">

  <leader>02482cam a22003257a 4500</leader>
  <controlfield tag="001">18088599</controlfield>
  <controlfield tag="005">20220326193340.0</controlfield>
  <controlfield tag="008">140331s2011    cr ab    b    000 0 spa  </controlfield>
  <datafield tag="010" ind1=" " ind2=" ">
    <subfield code="a">  2013491239</subfield>
  </datafield>
  <datafield tag="020" ind1=" " ind2=" ">
    <subfield code="a">9789968462631</subfield>
  </datafield>
  <datafield tag="020" ind1=" " ind2=" ">
    <subfield code="a">9968462632</subfield>
  </datafield>
  <datafield tag="035" ind1=" " ind2=" ">
    <subfield code="a">(OCoLC)ocn806880249</subfield>
  </datafield>
  <datafield tag="040" ind1=" " ind2=" ">
    <subfield code="a">CaQMCCA</subfield>
    <subfield code="b">eng</subfield>
    <subfield code="c">CNCCA</subfield>
    <subfield code="d">OCLCO</subfield>
    <subfield code="d">IQU</subfield>
    <subfield code="d">OCLCF</subfield>
    <subfield code="d">DLC</subfield>
  </datafield>
  <datafield tag="042" ind1=" " ind2=" ">
    <subfield code="a">lccopycat</subfield>
  </datafield>
  <datafield tag="043" ind1=" " ind2=" ">
    <subfield code="a">nccr---</subfield>
  </datafield>
  <datafield tag="082" ind1="0" ind2="0">
    <subfield code="a">307.141.6</subfield>
    <subfield code="b">Q3m</subfield>
  </datafield>
  <datafield tag="100" ind1="1" ind2=" ">
    <subfield code="a">Quesada Avenda&#xF1;o, Florencia.</subfield>
    <subfield code="9">4475</subfield>
  </datafield>
  <datafield tag="245" ind1="1" ind2="3">
    <subfield code="a">La modernizaci&#xF3;n entre cafetales :</subfield>
    <subfield code="b">San Jos&#xE9;, Costa Rica, 1880-1930 /</subfield>
    <subfield code="c">Florencia Quesada Avenda&#xF1;o.</subfield>
  </datafield>
  <datafield tag="250" ind1=" " ind2=" ">
    <subfield code="a">1a ed.</subfield>
  </datafield>
  <datafield tag="260" ind1=" " ind2=" ">
    <subfield code="a">San Jos&#xE9;, C.R. :</subfield>
    <subfield code="b">Editorial UCR,</subfield>
    <subfield code="c">2011.</subfield>
  </datafield>
  <datafield tag="300" ind1=" " ind2=" ">
    <subfield code="a">xxx, 273 p. :</subfield>
    <subfield code="b">ill. (some col.), maps (some col.) ;</subfield>
    <subfield code="c">26 cm.</subfield>
  </datafield>
  <datafield tag="504" ind1=" " ind2=" ">
    <subfield code="a">Includes bibliographical references (p. 239-268).</subfield>
  </datafield>
  <datafield tag="505" ind1=" " ind2=" ">
    <subfield code="t">Prefacio</subfield>
    <subfield code="t">Introducci&#xF3;n </subfield>
    <subfield code="t">1 - Antecedentes / De la boca del monte a la capital nacional (1737-1880)/ Or&#xED;genes y consolidaciones de la estructura urbana. / Despu&#xE9;s de la independencia, capital del Estado. </subfield>
    <subfield code="t">Juan Rafael Mora: Pre&#xE1;mbulo de la Transformaci&#xF3;n. </subfield>
    <subfield code="t">Conslusi&#xF3;n </subfield>
    <subfield code="t">2- Ideolog&#xED;a/ Progreso y ensanches/ Los liberales, de la ciudad moderna y los mitos del progreso.  </subfield>
    <subfield code="t">3- Higiene/ Motor ideol&#xF3;gico del cambio urbano/ La intelligentsia higienista en acci&#xF3;n. </subfield>
    <subfield code="t">Conclusi&#xF3;n</subfield>
    <subfield code="t">4- Transformaci&#xF3;n/  La modernizaci&#xF3;n del espacio publico (1880-1930)/  Higiene, h&#xE9;roes, verdor y naci&#xF3;n: modernidad y espacio p&#xFA;blico.</subfield>
    <subfield code="t">La conclusi&#xF3;n de un ciclo verdor selectivo. </subfield>
    <subfield code="t">V- Imaginarios for&#xE1;neos y locales/ Viajeros y gu&#xED;as de la ciudad. / El perfil de los viajeros y las viajeras a inicios del siglo XX. / La miniatura pintoresca de capital de Centroam&#xE9;rica. / El imaginario urbano y arquitect&#xF3;nico. </subfield>
    <subfield code="t">5- Imaginarios Filosoficos/ La euforia del progreso y el "lente" burgu&#xE9;s. / Las fuentes. / El orden Social y el estilo monumental. / La imagen higienizada en tonos de color rosa.</subfield>
    <subfield code="t">Conclusiones: Los legados de la ciudad burguesa.  </subfield>
    <subfield code="t">Anexo</subfield>
    <subfield code="t">Fuentes/ Archivos/ Fuentes impresas/ bibliografia. </subfield>
    <subfield code="t">indice de figuras </subfield>
    <subfield code="t">indice de cuadros </subfield>
    <subfield code="t">acerca de la autora. </subfield>
  </datafield>
  <datafield tag="650" ind1=" " ind2="0">
    <subfield code="a">Urbanization</subfield>
    <subfield code="z">Costa Rica</subfield>
    <subfield code="z">San Jos&#xE9;</subfield>
    <subfield code="x">History.</subfield>
    <subfield code="9">4476</subfield>
  </datafield>
  <datafield tag="650" ind1=" " ind2="0">
    <subfield code="a">City planning</subfield>
    <subfield code="z">Costa Rica</subfield>
    <subfield code="z">San Jos&#xE9;</subfield>
    <subfield code="x">History.</subfield>
    <subfield code="9">4477</subfield>
  </datafield>
  <datafield tag="651" ind1=" " ind2="0">
    <subfield code="a">San Jos&#xE9; (Costa Rica)</subfield>
    <subfield code="x">History.</subfield>
    <subfield code="9">4478</subfield>
  </datafield>
  <datafield tag="700" ind1=" " ind2=" ">
    <subfield code="a">Quesada Avenda&#xF1;o, Florencia.</subfield>
    <subfield code="9">4479</subfield>
  </datafield>
  <datafield tag="906" ind1=" " ind2=" ">
    <subfield code="a">7</subfield>
    <subfield code="b">cbc</subfield>
    <subfield code="c">copycat</subfield>
    <subfield code="d">2</subfield>
    <subfield code="e">ncip</subfield>
    <subfield code="f">20</subfield>
    <subfield code="g">y-gencatlg</subfield>
  </datafield>
  <datafield tag="999" ind1=" " ind2=" ">
    <subfield code="c">824</subfield>
    <subfield code="d">824</subfield>
  </datafield>
  <datafield tag="952" ind1=" " ind2=" ">
    <subfield code="0">0</subfield>
    <subfield code="1">0</subfield>
    <subfield code="2">ddc</subfield>
    <subfield code="4">0</subfield>
    <subfield code="7">0</subfield>
    <subfield code="a">LV</subfield>
    <subfield code="b">LV</subfield>
    <subfield code="c">Pensamiento</subfield>
    <subfield code="d">2016-01-20</subfield>
    <subfield code="l">0</subfield>
    <subfield code="o">307.141.6 Q3m</subfield>
    <subfield code="p">004136</subfield>
    <subfield code="r">2016-01-20 00:00:00</subfield>
    <subfield code="w">2016-01-20</subfield>
    <subfield code="y">01</subfield>
  </datafield>
</record>
